000 00506nam a2200133Ia 4500
008 220620s9999||||xx |||||||||||||| ||und||
022 _a16648714
100 _aFumio Kanehiro||Lorenzo Natale||Nikolaus Vahrenkamp||Tamim Asfour
245 0 _aSoftware Architectures for Humanoid Robotics
546 _aEnglish[eng]
650 _asoftware architectures||robotics||AI||humanoid robotics
856 _uhttps://www.frontiersin.org/research-topics/3948/software-architectures-for-humanoid-robotics
942 _cEB
999 _c33585
_d33585